[Event "IND-ch (Women) 49th"]
[Site "Ahmedabad"]
[Date "2023.07.10"]
[Round "11"]
[White "Potluri, Supreetha"]
[Black "Karavade, Eesha"]
[Result "1/2-1/2"]
[WhiteElo "1792"]
[BlackElo "2293"]
[PlyCount "89"]
[EventDate "2023.06.30"]
[EventType "swiss"]
[EventRounds "11"]
[EventCountry "IND"]
[SourceTitle "CBM 215 Extra"]
[Source "ChessBase"]
[SourceDate "2023.09.30"]
[SourceVersion "1"]
[SourceVersionDate "2023.09.30"]
[SourceQuality "1"]

1. d4 Nf6 2. c4 e6 3. Nf3 d5 4. Nc3 c6 5. e3 Nbd7 6. Bd3 Bd6 7. 0-0 dxc4 8. Bxc4 b5 9. Bd3 Bb7 10. e4 e5 11. dxe5 Nxe5 12. Nxe5 Bxe5 13. f4 Bd4+ 14. Kh1 b4 15. Ne2 c5 16. Nxd4 Qxd4 17. Qe2 0-0-0 18. Rd1 Nxe4 19. Be3 Qd5 20. Qc2 Kb8 21. Bxe4 Qxe4 22. Qxe4 Bxe4 23. Bxc5 Rd6 24. Rd2 Rxd2 25. Rc1 Rd1+ 26. Rxd1 Rc8 27. Rc1 Kb7 28. Kg1 Ka6 29. a3 b3 30. Rc4 f5 31. Rc3 Bd5 32. Bd4 Rxc3 33. Bxc3 g6 34. Bd4 Kb7 35. Kf2 a6 36. g3 Kc6 37. Ke3 Be4 38. Bc3 Kd5 39. Bg7 h5 40. Bf6 Kc4 41. Bd8 Kd5 42. Bf6 Kc4 43. Bd8 Kd5 44. Bf6 Kc4 45. Bd8 1/2-1/2

[Event "Bhubaneswar op-A 14th"]
[Site "Bhubaneswar"]
[Date "2023.06.15"]
[Round "6"]
[White "Potluri, Supreetha"]
[Black "Vorobiov, Evgeny E"]
[Result "0-1"]
[WhiteElo "1796"]
[BlackElo "2454"]
[PlyCount "66"]
[EventDate "2023.06.11"]
[EventType "swiss"]
[EventRounds "10"]
[EventCountry "IND"]
[SourceTitle "CBM 214 Extra"]
[Source "ChessBase"]
[SourceDate "2023.07.31"]
[SourceVersion "1"]
[SourceVersionDate "2023.07.31"]
[SourceQuality "1"]

1. d4 Nf6 2. c4 e6 3. Nf3 Bb4+ 4. Nbd2 0-0 5. a3 Be7 6. e4 d6 7. Qc2 Nfd7 8. b4 e5 9. dxe5 Nxe5 10. Nxe5 dxe5 11. Bb2 a5 12. Bxe5 Nc6 13. Bb2 axb4 14. c5 Bf6 15. Bc4 Bxb2 16. Qxb2 Qg5 17. axb4 Rxa1+ 18. Qxa1 Qxg2 19. Rf1 Nxb4 20. Qc3 Nc6 21. Nf3 Bg4 22. Ng5 h6 23. Nxf7 Qxe4+ 24. Kd2 Be6 25. Nxh6+ Kh8 26. Bxe6 Qxe6 27. f4 Qxh6 28. Qe3 Rd8+ 29. Kc1 Qf6 30. Qh3+ Kg8 31. Qb3+ Qf7 32. Qc3 Rd4 33. Qh3 Qc4+ 0-1

[Event "Bhubaneswar op-A 14th"]
[Site "Bhubaneswar"]
[Date "2023.06.13"]
[Round "4"]
[White "Potluri, Supreetha"]
[Black "Arhan, Jain1111"]
[Result "1-0"]
[WhiteElo "1796"]
[BlackElo "1490"]
[PlyCount "59"]
[EventDate "2023.06.11"]
[EventType "swiss"]
[EventRounds "10"]
[EventCountry "IND"]
[SourceTitle "CBM 214 Extra"]
[Source "ChessBase"]
[SourceDate "2023.07.31"]
[SourceVersion "1"]
[SourceVersionDate "2023.07.31"]
[SourceQuality "1"]

1. d4 d5 2. c4 e6 3. Nf3 Nf6 4. Nc3 Be7 5. Bg5 0-0 6. e3 h6 7. Bh4 b6 8. Rc1 Bb7 9. Bxf6 Bxf6 10. cxd5 Bxd5 11. Nxd5 Qxd5 12. Bc4 Qa5+ 13. Nd2 c5 14. d5 Bxb2 15. Rc2 b5 16. Bd3 Bc3 17. dxe6 Na6 18. 0-0 Bxd2 19. Rxd2 fxe6 20. Qg4 Qxd2 21. Qxe6+ Rf7 22. Qd5 Qxd3 23. Qxd3 c4 24. Qc3 Rb8 25. a4 Rc7 26. Qa5 b4 27. Qxa6 b3 28. Qa5 Rbc8 29. Qc3 b2 30. Rb1 1-0

[Event "IND-ch (Women) 48th"]
[Site "Hatkanangale"]
[Date "2023.01.02"]
[Round "8"]
[White "Potluri, Supreetha"]
[Black "Soumya, Swaminathan"]
[Result "0-1"]
[WhiteElo "1823"]
[BlackElo "2322"]
[PlyCount "114"]
[EventDate "2022.12.26"]
[EventType "swiss"]
[EventRounds "11"]
[EventCountry "IND"]
[SourceTitle "CBM 212 Extra"]
[Source "ChessBase"]
[SourceDate "2023.03.31"]
[SourceVersion "1"]
[SourceVersionDate "2023.03.31"]
[SourceQuality "1"]

1. Nf3 Nf6 2. g3 g6 3. Bg2 Bg7 4. 0-0 0-0 5. d4 d5 6. c4 dxc4 7. Na3 c3 8. bxc3 c5 9. e3 Nc6 10. Qe2 Bg4 11. h3 Bf5 12. Rd1 Be4 13. Bf1 Qa5 14. Bb2 Rfd8 15. Nd2 cxd4 16. exd4 Bf5 17. Nb3 Qc7 18. Nb5 Qb6 19. g4 Bd7 20. c4 a6 21. Nc3 Qc7 22. g5 Nh5 23. Nd5 Qd6 24. Bg2 Nf4 25. Nxf4 Qxf4 26. Qe3 Qc7 27. Rac1 Rac8 28. Ba1 Na5 29. Nc5 Bf5 30. Re1 e5 31. Nb3 Nxc4 32. Qg3 exd4 33. Qxc7 Rxc7 34. Bxb7 Rxb7 35. Rxc4 Be6 36. Nc5 Rc8 37. Rcc1 Rbc7 38. Nd3 Rxc1 39. Nxc1 Bxh3 40. Nb3 d3 41. Bf6 Be6 42. Nd2 Bxf6 43. gxf6 Rc2 44. Rd1 Bxa2 45. Ne4 Bc4 46. Kh2 Re2 47. Nd6 Bb5 48. Kg3 Re6 49. Rc1 Rxf6 50. Rc8+ Kg7 51. Rd8 Re6 52. Kf4 Bc6 53. f3 Rf6+ 54. Kg4 h5+ 55. Kg5 Rxf3 56. Nc8 Rf5+ 57. Kh4 Rd5 0-1

[Event "IND-ch (Women) 48th"]
[Site "Hatkanangale"]
[Date "2022.12.30"]
[Round "5"]
[White "Arpita, Mukherjee"]
[Black "Potluri, Supreetha"]
[Result "1/2-1/2"]
[WhiteElo "2211"]
[BlackElo "1823"]
[PlyCount "71"]
[EventDate "2022.12.26"]
[EventType "swiss"]
[EventRounds "11"]
[EventCountry "IND"]
[SourceTitle "CBM 212 Extra"]
[Source "ChessBase"]
[SourceDate "2023.03.31"]
[SourceVersion "1"]
[SourceVersionDate "2023.03.31"]
[SourceQuality "1"]

1. e4 c5 2. Nf3 e6 3. d4 cxd4 4. Nxd4 Nf6 5. Nc3 Nc6 6. Be2 d5 7. exd5 Nxd5 8. Nxc6 bxc6 9. Ne4 Ba6 10. 0-0 Bxe2 11. Qxe2 Be7 12. Rd1 Qc7 13. c4 Nf6 14. Bd2 0-0 15. Bc3 Qf4 16. Ng3 Rfd8 17. Be5 Qg4 18. Qxg4 Nxg4 19. Bc7 Rdc8 20. Ba5 Bf6 21. Rab1 c5 22. Ne2 Ne5 23. b3 Nc6 24. Bc3 Be7 25. Nf4 a5 26. Nh5 f6 27. Nf4 Kf7 28. Re1 Bd6 29. Nd3 a4 30. Re2 axb3 31. axb3 Rcb8 32. Reb2 Ra3 33. f3 Rd8 34. Nf2 Bf4 35. Ne4 f5 36. Nf2 1/2-1/2

[Event "New Delhi Parsvnath blitz op 18th"]
[Site "New Delhi"]
[Date "2020.01.14"]
[Round "3"]
[White "Krishna, C Revanth Gopala"]
[Black "Potluri, Supreetha"]
[Result "1-0"]
[WhiteElo "2436"]
[BlackElo "1964"]
[PlyCount "77"]
[EventDate "2020.01.14"]
[EventType "swiss (blitz)"]
[EventRounds "9"]
[EventCountry "IND"]
[SourceTitle "CBM 194 Extra"]
[Source "ChessBase"]
[SourceDate "2020.03.31"]
[SourceVersion "1"]
[SourceVersionDate "2020.03.31"]
[SourceQuality "1"]

1. d4 Nf6 2. Nf3 g6 3. Nc3 d5 4. Bf4 Bg7 5. e3 0-0 6. Be2 c6 7. Ne5 Nbd7 8. h4 h5 9. Bd3 Re8 10. Qd2 Nf8 11. f3 N6d7 12. g4 Nxe5 13. Bxe5 f6 14. Bg3 hxg4 15. h5 gxf3 16. Bxg6 Nxg6 17. hxg6 Bf5 18. 0-0-0 Bxg6 19. Rdg1 Kf7 20. Bh4 Qd7 21. Rg3 Qf5 22. Rhg1 Rh8 23. Rxg6 Qxg6 24. Rxg6 Kxg6 25. Qf2 Rh5 26. b3 Rah8 27. Bg3 Rh3 28. Qxf3 Rh1+ 29. Kb2 Kf7 30. Bf4 R8h3 31. Qg4 Rh7 32. Qd7 b5 33. Qxc6 e6 34. Nxb5 Rg1 35. Qd7+ Kg6 36. Qxe6 Rg2 37. Qxd5 Rg4 38. Nd6 Rh3 39. Qf5# 1-0

[Event "Wch U20 Girls 37th"]
[Site "New Delhi"]
[Date "2019.10.24"]
[Round "10"]
[White "Antova, Gabriela"]
[Black "Potluri, Supreetha"]
[Result "1-0"]
[WhiteElo "2318"]
[BlackElo "1767"]
[PlyCount "67"]
[EventDate "2019.10.15"]
[EventType "swiss"]
[EventRounds "11"]
[EventCountry "IND"]
[SourceTitle "CBM 192 Extra"]
[Source "Chessbase"]
[SourceDate "2019.11.06"]
[SourceVersion "1"]
[SourceVersionDate "2019.11.06"]
[SourceQuality "1"]

1. d4 Nf6 2. c4 g6 3. Nc3 Bg7 4. e4 d6 5. Nf3 0-0 6. Be2 Bg4 7. Be3 Nfd7 8. Qd2 Nc6 9. d5 Bxf3 10. gxf3 Ncb8 11. f4 e6 12. dxe6 fxe6 13. h4 Nc6 14. h5 Nf6 15. hxg6 hxg6 16. 0-0-0 Qe8 17. f5 exf5 18. exf5 Ne5 19. fxg6 c6 20. Bh6 Qe7 21. Bxg7 Qxg7 22. Qxd6 Nxg6 23. Rdg1 Rad8 24. Qe6+ Rf7 25. Qf5 Ne8 26. Qxg6 Qxg6 27. Rxg6+ Rg7 28. Rxg7+ Kxg7 29. Rd1 Rxd1+ 30. Kxd1 Kf6 31. Kd2 Nd6 32. Bd3 a6 33. Ne4+ Nxe4+ 34. Bxe4 1-0

[Event "Wch U20 Girls 37th"]
[Site "New Delhi"]
[Date "2019.10.19"]
[Round "6"]
[White "Salimova, Nurgyul"]
[Black "Potluri, Supreetha"]
[Result "0-1"]
[WhiteElo "2415"]
[BlackElo "1767"]
[PlyCount "78"]
[EventDate "2019.10.15"]
[EventType "swiss"]
[EventRounds "11"]
[EventCountry "IND"]
[SourceTitle "CBM 192 Extra"]
[Source "Chessbase"]
[SourceDate "2019.11.06"]
[SourceVersion "1"]
[SourceVersionDate "2019.11.06"]
[SourceQuality "1"]

1. d4 Nf6 2. Nf3 g6 3. g3 Bg7 4. Bg2 0-0 5. 0-0 d6 6. Re1 Nbd7 7. e4 e5 8. c3 Qe7 9. Nbd2 h6 10. b3 Ne8 11. Bb2 Kh7 12. a4 f5 13. exf5 gxf5 14. dxe5 dxe5 15. Nc4 e4 16. Nd4 Ne5 17. Nxe5 Qxe5 18. f3 c5 19. Ne2 Nf6 20. Nf4 c4 21. bxc4 Be6 22. Qc2 Bxc4 23. fxe4 Rfe8 24. h3 fxe4 25. Kh2 Rad8 26. Rad1 Rxd1 27. Rxd1 h5 28. Rd4 h4 29. Qf2 Bh6 30. Bc1 hxg3+ 31. Qxg3 Rg8 32. Qh4 Be2 33. Kh1 Bf3 34. Bxf3 exf3 35. Nd3 Qh5 36. Bxh6 f2 37. Rd7+ Nxd7 38. Qe7+ Kh8 39. Bg7+ Rxg7 0-1

[Event "Wch U20 Girls 37th"]
[Site "New Delhi"]
[Date "2019.10.18"]
[Round "5"]
[White "Potluri, Supreetha"]
[Black "Nastase, Andreea Cristina"]
[Result "1-0"]
[WhiteElo "1767"]
[BlackElo "2077"]
[PlyCount "49"]
[EventDate "2019.10.15"]
[EventType "swiss"]
[EventRounds "11"]
[EventCountry "IND"]
[SourceTitle "CBM 192 Extra"]
[Source "Chessbase"]
[SourceDate "2019.11.06"]
[SourceVersion "1"]
[SourceVersionDate "2019.11.06"]
[SourceQuality "1"]

1. d4 d5 2. Nf3 Nf6 3. c4 c6 4. cxd5 cxd5 5. Nc3 Nc6 6. Bf4 Qb6 7. Na4 Qa5+ 8. Bd2 Qc7 9. Rc1 Bf5 10. Ne5 e6 11. e4 dxe4 12. Nxc6 bxc6 13. Bb5 Nd7 14. Bxc6 Rd8 15. Bxe4 Qd6 16. Bxf5 exf5 17. 0-0 Be7 18. Ba5 Ra8 19. Bc7 Qf6 20. d5 0-0 21. d6 Bd8 22. Qd5 Bxc7 23. dxc7 Qe6 24. Rfd1 Nf6 25. Qxa8 1-0

[Event "Wch U20 Girls 37th"]
[Site "New Delhi"]
[Date "2019.10.17"]
[Round "3"]
[White "Protopopova, Anastasiya"]
[Black "Potluri, Supreetha"]
[Result "1-0"]
[WhiteElo "2263"]
[BlackElo "1767"]
[PlyCount "91"]
[EventDate "2019.10.15"]
[EventType "swiss"]
[EventRounds "11"]
[EventCountry "IND"]
[SourceTitle "CBM 192 Extra"]
[Source "Chessbase"]
[SourceDate "2019.11.06"]
[SourceVersion "1"]
[SourceVersionDate "2019.11.06"]
[SourceQuality "1"]

1. d4 Nf6 2. c4 g6 3. Nc3 Bg7 4. e4 d6 5. Be2 0-0 6. Bg5 c5 7. d5 h6 8. Be3 e6 9. Qd2 exd5 10. exd5 Kh7 11. h4 Ng4 12. Bf4 Re8 13. Nh3 Bxc3 14. bxc3 Qe7 15. Kf1 Bf5 16. Re1 Nd7 17. f3 Ne3+ 18. Kf2 Nc2 19. Rc1 Qxe2+ 20. Qxe2 Rxe2+ 21. Kxe2 Bxh3 22. Rxc2 Bf5 23. Rd2 Nb6 24. g4 Bd7 25. Kd3 h5 26. Rg2 Re8 27. Bxd6 hxg4 28. fxg4 f5 29. Bxc5 fxg4 30. Bxb6 axb6 31. Re2 Bf5+ 32. Kd2 Rc8 33. Re7+ Kh6 34. Rxb7 Rxc4 35. Rb8 Rc5 36. Rd8 Be4 37. Rg1 Bxd5 38. Rxg4 Bxa2 39. Rd6 Bb1 40. Rxb6 Bf5 41. Rg5 Rd5+ 42. Kc1 Kh7 43. h5 Kh6 44. Rbxg6+ Bxg6 45. Rxd5 Bxh5 46. Rxh5+ 1-0

[Event "Commonwealth-ch U20 Girls"]
[Site "New Delhi"]
[Date "2019.07.06"]
[Round "6.3"]
[White "Ishvi, Aggarwal"]
[Black "Potluri, Supreetha"]
[Result "0-1"]
[WhiteElo "1664"]
[BlackElo "1873"]
[PlyCount "78"]
[EventDate "2019.07.01"]
[EventType "swiss"]
[EventRounds "7"]
[EventCountry "IND"]
[SourceTitle "EXT 2024"]
[Source "ChessBase"]
[SourceDate "2023.10.10"]
[SourceVersion "1"]
[SourceVersionDate "2023.10.10"]
[SourceQuality "1"]

1. d4 Nf6 2. c4 g6 3. g3 Bg7 4. Bg2 0-0 5. Nc3 d6 6. Nf3 c6 7. 0-0 Qa5 8. e4 e5 9. h3 Nbd7 10. d5 cxd5 11. cxd5 Nc5 12. Qc2 Bd7 13. Be3 Rfc8 14. Nd2 Qd8 15. Nb3 Na4 16. Rfc1 b5 17. Qe2 Nxc3 18. bxc3 a5 19. Kh2 Ne8 20. Rc2 f5 21. Rac1 g5 22. f3 f4 23. gxf4 gxf4 24. Bf2 Bf6 25. Rg1 Kh8 26. Bf1 Ng7 27. Qe1 Nh5 28. Nd2 Qe7 29. c4 b4 30. Rc1 Rg8 31. c5 dxc5 32. Bxc5 Qd8 33. Nc4 Bh4 34. Bf2 Bg3+ 35. Kh1 Qh4 36. Bxg3 Nxg3+ 37. Kh2 Nxf1+ 38. Qxf1 Qg3+ 39. Kh1 Bxh3 0-1

[Event "Asia-ch U18 Girls"]
[Site "Ulaanbaatar"]
[Date "2016.04.07"]
[Round "2"]
[White "Jargalmaa, Odgerel"]
[Black "Potluri, Supreetha"]
[Result "1/2-1/2"]
[WhiteElo "1709"]
[BlackElo "1897"]
[PlyCount "106"]
[EventDate "2016.04.06"]
[EventType "swiss"]
[EventRounds "9"]
[EventCountry "MGL"]
[SourceTitle "EXT 2017"]
[Source "ChessBase"]
[SourceDate "2016.10.25"]
[SourceVersion "1"]
[SourceVersionDate "2016.10.25"]
[SourceQuality "1"]

1. e4 e5 2. Nf3 Nc6 3. c3 Nf6 4. d4 exd4 5. e5 Nd5 6. Qb3 Nb6 7. cxd4 d6 8. Be2 Be6 9. Qd1 dxe5 10. dxe5 Qxd1+ 11. Bxd1 Nb4 12. 0-0 Bc4 13. Nc3 Bxf1 14. Kxf1 h6 15. Nb5 0-0-0 16. Be3 Kb8 17. a4 c6 18. a5 Nc8 19. Nbd4 Nd5 20. Bd2 Bb4 21. Bxb4 Nxb4 22. Bb3 g5 23. h3 Nd3 24. Bxf7 Nxe5 25. Nxe5 Rxd4 26. a6 Nb6 27. axb7 Rd6 28. Bh5 Rf8 29. Bf3 Rff6 30. Rc1 Kxb7 31. b4 Rfe6 32. Nxc6 Nd5 33. Na5+ Kb8 34. Rc5 Ne7 35. Bg4 Rf6 36. Nc4 Rc6 37. Rb5+ Kc7 38. Ne3 Rfd6 39. Bf3 Rb6 40. Rc5+ Kd8 41. Nc4 Rd4 42. Nxb6 axb6 43. Rb5 Kc7 44. Re5 Kd6 45. Rb5 Kc7 46. Ke2 Nc8 47. Ke3 Rc4 48. Be2 Rc3+ 49. Kd4 Rc2 50. Kd3 Rb2 51. Re5 Kd6 52. Re4 Ne7 53. Kc3 Ra2 1/2-1/2

[Event "Asia-ch U18 Girls"]
[Site "Ulaanbaatar"]
[Date "2016.04.06"]
[Round "1"]
[White "Potluri, Supreetha"]
[Black "Ganbaatar, Bolorsan"]
[Result "0-1"]
[WhiteElo "1897"]
[BlackElo "1516"]
[PlyCount "62"]
[EventDate "2016.04.06"]
[EventType "swiss"]
[EventRounds "9"]
[EventCountry "MGL"]
[SourceTitle "EXT 2017"]
[Source "ChessBase"]
[SourceDate "2016.10.25"]
[SourceVersion "1"]
[SourceVersionDate "2016.10.25"]
[SourceQuality "1"]

1. d4 Nf6 2. Nf3 g6 3. g3 Bg7 4. c4 0-0 5. Bg2 d6 6. 0-0 Nbd7 7. Nc3 c5 8. d5 Nb6 9. Qd3 Ne8 10. e4 f5 11. Re1 e5 12. dxe6 Bxe6 13. Nd5 fxe4 14. Qxe4 Bxd5 15. cxd5 Nc7 16. Qd3 Qd7 17. Rb1 Ncxd5 18. Ng5 Qf5 19. Qxf5 Rxf5 20. Rd1 Bd4 21. Nf3 Re8 22. Kf1 Ref8 23. Nxd4 Rxf2+ 24. Kg1 cxd4 25. Bh6 Ne3 26. Bxf8 Rxg2+ 27. Kh1 Kxf8 28. Rxd4 Re2 29. Rxd6 Nbc4 30. Rdd1 Nxd1 31. Rxd1 Ne3 0-1

[Event "IND-ch U17 Girls"]
[Site "Bengaluru"]
[Date "2015.10.10"]
[Round "10"]
[White "Mahalakshmi, Muganda Kumar"]
[Black "Potluri, Supreetha"]
[Result "1-0"]
[WhiteElo "2019"]
[BlackElo "1706"]
[PlyCount "111"]
[EventDate "2015.10.03"]
[EventType "swiss"]
[EventRounds "11"]
[EventCountry "IND"]
[SourceTitle "CBM 168 Extra"]
[Source "ChessBase"]
[SourceDate "2015.10.29"]
[SourceVersion "1"]
[SourceVersionDate "2015.10.29"]
[SourceQuality "1"]

1. Nf3 Nf6 2. g3 g6 3. b3 Bg7 4. Bb2 0-0 5. c4 c6 6. Bg2 d5 7. 0-0 Bf5 8. d3 Qc8 9. Re1 Bh3 10. Bh1 Qf5 11. Nbd2 Rd8 12. b4 dxc4 13. Nxc4 Na6 14. a3 h6 15. Na5 Qb5 16. Rb1 Qb6 17. Nc4 Qc7 18. Qc2 Rac8 19. Be5 Qd7 20. Qb2 Nc7 21. Red1 Ncd5 22. Bd4 Ne8 23. Bxg7 Nxg7 24. Qd2 Kh7 25. Rbc1 Nf6 26. Qe3 Ra8 27. Nce5 Qe8 28. Rc4 Be6 29. Rc5 Nf5 30. Qc1 Rac8 31. g4 Nd4 32. Nxd4 Rxd4 33. Qe3 Rcd8 34. h3 g5 35. Bf3 Rf4 36. d4 Nd7 37. Rcc1 Nf6 38. Qd3+ Kh8 39. e3 Rxf3 40. Nxf3 Qg8 41. Ne5 h5 42. f3 Qg7 43. Kf2 h4 44. b5 cxb5 45. Qxb5 Nd5 46. Qxb7 f5 47. Rc6 Qf6 48. Qa6 fxg4 49. Rxe6 g3+ 50. Kg1 Qf5 51. Rh6+ Kg7 52. Qg6+ Qxg6 53. Rxg6+ Kh7 54. Rxg5 Nxe3 55. Re1 Nc2 56. Re4 1-0

[Event "IND-ch U17 Girls"]
[Site "Bengaluru"]
[Date "2015.10.08"]
[Round "8"]
[White "Potluri, Supreetha"]
[Black "Abirama Srinithi, G."]
[Result "1-0"]
[WhiteElo "1706"]
[BlackElo "1761"]
[PlyCount "75"]
[EventDate "2015.10.03"]
[EventType "swiss"]
[EventRounds "11"]
[EventCountry "IND"]
[SourceTitle "CBM 168 Extra"]
[Source "ChessBase"]
[SourceDate "2015.10.29"]
[SourceVersion "1"]
[SourceVersionDate "2015.10.29"]
[SourceQuality "1"]

1. d4 c5 2. d5 d6 3. Nc3 g6 4. Nf3 Bg7 5. e4 Nf6 6. Bb5+ Bd7 7. a4 a6 8. Be2 0-0 9. 0-0 Qc7 10. Nd2 e6 11. Nc4 Rd8 12. Bf4 Ne8 13. Qd3 e5 14. Bg3 Bc8 15. f4 Nd7 16. Qf3 f6 17. fxe5 Nxe5 18. Nxe5 dxe5 19. d6 Rxd6 20. Nd5 Qd8 21. Bc4 Be6 22. Rad1 Kh8 23. Ne3 Qe7 24. Bxe6 Qxe6 25. Nd5 Rad8 26. c4 Qd7 27. a5 Qc6 28. Bf2 Nc7 29. Qa3 Ne6 30. b4 cxb4 31. Qxb4 Nf4 32. Bb6 Re8 33. g3 Nxd5 34. exd5 Qc8 35. Qxd6 f5 36. Qc7 e4 37. Qxc8 Rxc8 38. d6 1-0

[Event "IND-chB (Women) 42nd"]
[Site "Bhayandar"]
[Date "2015.07.09"]
[Round "9"]
[White "Potluri, Supreetha"]
[Black "Nandhidhaa, PV."]
[Result "0-1"]
[WhiteElo "1937"]
[BlackElo "2176"]
[PlyCount "96"]
[EventDate "2015.07.02"]
[EventType "swiss"]
[EventRounds "11"]
[EventCountry "IND"]
[SourceTitle "CBM 167 Extra"]
[Source "ChessBase"]
[SourceDate "2015.09.14"]
[SourceVersion "1"]
[SourceVersionDate "2015.09.14"]
[SourceQuality "1"]

1. d4 Nf6 2. Bf4 g6 3. Nc3 d5 4. e3 Bg7 5. Nf3 c6 6. Be2 Nbd7 7. Ne5 0-0 8. h4 Qb6 9. Rb1 h5 10. Rg1 Re8 11. Qd2 Nxe5 12. Bxe5 Ng4 13. Bxg7 Kxg7 14. f3 Nh6 15. g4 hxg4 16. fxg4 e5 17. dxe5 Rxe5 18. Qd4 Qc7 19. Kd2 c5 20. Qf4 Qe7 21. Rbe1 Bd7 22. Bf3 Bc6 23. Qg3 Re8 24. Nd1 Qc7 25. Kc1 Qa5 26. a3 b5 27. Kb1 b4 28. axb4 Qxb4 29. h5 g5 30. Re2 a5 31. Qe1 Qb5 32. Nc3 Qb7 33. Na2 a4 34. Rgg2 Bb5 35. Qd2 Bxe2 36. Rxe2 Qe7 37. Nc3 Rxe3 38. Nxd5 Rxe2 39. Qc3+ Qe5 40. Bxe2 Qxc3 41. Nxc3 f5 42. gxf5 g4 43. Kc1 g3 44. Bf3 Nxf5 45. Nxa4 Nh4 46. Bb7 Re5 47. Kd2 g2 48. Bxg2 Nxg2 0-1

[Event "IND-chB (Women) 42nd"]
[Site "Bhayandar"]
[Date "2015.07.03"]
[Round "3"]
[White "Potluri, Supreetha"]
[Black "Jishitha, D."]
[Result "0-1"]
[WhiteElo "1937"]
[BlackElo "1541"]
[PlyCount "62"]
[EventDate "2015.07.02"]
[EventType "swiss"]
[EventRounds "11"]
[EventCountry "IND"]
[SourceTitle "CBM 167 Extra"]
[Source "ChessBase"]
[SourceDate "2015.09.14"]
[SourceVersion "1"]
[SourceVersionDate "2015.09.14"]
[SourceQuality "1"]

1. d4 d5 2. Nf3 Nf6 3. c4 c6 4. Nc3 e6 5. Bf4 Nbd7 6. e3 Be7 7. Bd3 dxc4 8. Bxc4 b5 9. Bd3 Bb7 10. 0-0 a6 11. a3 c5 12. Bg3 0-0 13. Rc1 Rc8 14. Re1 Qb6 15. Ne5 Rfd8 16. Nxd7 Rxd7 17. Be5 Qc6 18. f3 Qb6 19. Bxf6 Bxf6 20. dxc5 Qd8 21. Bxh7+ Kxh7 22. Qc2+ Kg8 23. Nb1 Qc7 24. b4 Qe5 25. Re2 Bc6 26. Nd2 Rcd8 27. Nb3 Rd3 28. f4 Qe4 29. Na5 Rc3 30. Qb1 Rd2 31. Rxd2 Qxe3+ 0-1

[Event "Wch U20 Girls 32nd"]
[Site "Pune"]
[Date "2014.10.19"]
[Round "13"]
[White "Fronda Pascua, Jan Jodilyn"]
[Black "Potluri, Supreetha"]
[Result "1-0"]
[WhiteElo "2127"]
[BlackElo "1738"]
[PlyCount "119"]
[EventDate "2014.10.06"]
[EventType "swiss"]
[EventRounds "13"]
[EventCountry "IND"]
[SourceTitle "EXT 2015"]
[Source "ChessBase"]
[SourceDate "2014.11.20"]
[SourceVersion "1"]
[SourceVersionDate "2014.11.20"]
[SourceQuality "1"]

1. e4 c5 2. b3 Nc6 3. Bb2 d6 4. Bb5 Bd7 5. Nc3 e5 6. a4 g6 7. Nge2 Bg7 8. d3 Nge7 9. 0-0 0-0 10. Bc4 Kh8 11. Nd5 Rb8 12. f4 f5 13. Qd2 Nxd5 14. Bxd5 Qe7 15. Rae1 exf4 16. Bxg7+ Qxg7 17. Bxc6 Bxc6 18. Nxf4 Qd4+ 19. Kh1 fxe4 20. c3 e3 21. Qd1 Qf6 22. Rxe3 g5 23. Re6 Qxc3 24. Nh5 Qb2 25. Re2 Qd4 26. h3 Rbe8 27. Rxe8 Rxe8 28. Qd2 Qe5 29. Qf2 Qe7 30. d4 cxd4 31. Qxd4+ Qe5 32. Qf2 Bd5 33. b4 Qe6 34. Kg1 Qe5 35. a5 Bc4 36. Qf6+ Qxf6 37. Rxf6 d5 38. Rf7 Bd3 39. Rxb7 Bg6 40. Nf6 Re1+ 41. Kf2 Rb1 42. Nxd5 Be4 43. Rd7 Bxd5 44. Rxd5 Rxb4 45. Rxg5 Ra4 46. Kf3 h6 47. Rg6 Rxa5 48. Rxh6+ Kg7 49. Rc6 Ra3+ 50. Kg4 a5 51. Ra6 a4 52. Kh4 Ra1 53. Kg5 a3 54. Ra7+ Kf8 55. g4 a2 56. h4 Ke8 57. h5 Kd8 58. h6 Kc8 59. h7 Rh1 60. Kg6 1-0

[Event "Wch U20 Girls 32nd"]
[Site "Pune"]
[Date "2014.10.15"]
[Round "9"]
[White "Saranya, J."]
[Black "Potluri, Supreetha"]
[Result "0-1"]
[WhiteElo "2107"]
[BlackElo "1738"]
[PlyCount "112"]
[EventDate "2014.10.06"]
[EventType "swiss"]
[EventRounds "13"]
[EventCountry "IND"]
[SourceTitle "EXT 2015"]
[Source "ChessBase"]
[SourceDate "2014.11.20"]
[SourceVersion "1"]
[SourceVersionDate "2014.11.20"]
[SourceQuality "1"]

1. e4 c5 2. Nf3 e6 3. d4 cxd4 4. Nxd4 Nc6 5. c4 Nf6 6. Nc3 Bb4 7. Nxc6 bxc6 8. Bd3 e5 9. 0-0 0-0 10. Kh1 d6 11. Bg5 h6 12. Bxf6 Qxf6 13. Ne2 a5 14. Rb1 Bc5 15. a3 Bd4 16. Nxd4 exd4 17. f4 c5 18. Bc2 Qe7 19. Re1 Qh4 20. Rf1 Bg4 21. Qd3 f5 22. Rbe1 Rae8 23. e5 dxe5 24. fxe5 Bh5 25. g3 Qh3 26. Rf4 Bg4 27. Kg1 Qh5 28. b4 axb4 29. axb4 g5 30. Rxg4 Qxg4 31. Bd1 Qh3 32. e6 Rf6 33. Bf3 f4 34. Bg2 Qf5 35. Qxf5 Rxf5 36. Bd5 cxb4 37. g4 Rf6 38. c5 Kf8 39. Kf2 Ke7 40. Rd1 Rc8 41. c6 Rxe6 42. Bxe6 Kxe6 43. Rxd4 Rxc6 44. Rxb4 Rc2+ 45. Kg1 Ke5 46. Ra4 Rd2 47. Rb4 Rd4 48. Rb6 Rd6 49. Rb4 Rd2 50. Ra4 f3 51. Ra6 Rg2+ 52. Kf1 Rxh2 53. Ra4 Rd2 54. Rb4 Rd4 55. Rb6 Kf4 56. Rxh6 Kg3 0-1

[Event "Wch U20 Girls 32nd"]
[Site "Pune"]
[Date "2014.10.11"]
[Round "6"]
[White "Potluri, Supreetha"]
[Black "Azimova, Karina"]
[Result "1/2-1/2"]
[WhiteElo "1738"]
[BlackElo "2063"]
[PlyCount "76"]
[EventDate "2014.10.06"]
[EventType "swiss"]
[EventRounds "13"]
[EventCountry "IND"]
[SourceTitle "EXT 2015"]
[Source "ChessBase"]
[SourceDate "2014.11.20"]
[SourceVersion "1"]
[SourceVersionDate "2014.11.20"]
[SourceQuality "1"]

1. d4 d6 2. e4 Nf6 3. Nc3 e5 4. Nf3 exd4 5. Nxd4 Be7 6. Bc4 0-0 7. 0-0 c6 8. a4 Re8 9. Re1 Bf8 10. f3 d5 11. exd5 Rxe1+ 12. Qxe1 Bc5 13. Qf2 cxd5 14. Bb3 Nc6 15. Be3 Na5 16. Rd1 Nxb3 17. Nxb3 Bxe3 18. Qxe3 Be6 19. Nb5 a6 20. N5d4 Qd6 21. Nxe6 fxe6 22. c3 Rc8 23. Re1 Kf7 24. Nd4 Re8 25. Qe5 Qxe5 26. Rxe5 Nd7 27. Re1 Nc5 28. Ra1 e5 29. Ne2 Kf6 30. b4 Nb3 31. Rb1 Nd2 32. Rd1 Nc4 33. Rxd5 Ke6 34. Rd1 Nb2 35. Ra1 Rd8 36. a5 Kd5 37. Rb1 Nd3 38. Kf1 Kc4 1/2-1/2